Welcome to the Holygrace Academy Library

Please use search bar below to get started

JAGAROOKA (Record no. 7172)

MARC details
000 -LEADER
fixed length control field 00285nam a22001337a 4500
020 ## - INTERNATIONAL STANDARD BOOK NUMBER
ISBN 978-81-300-1693-1
082 ## - DEWEY DECIMAL CLASSIFICATION NUMBER
Classification number 894.812.3
Item number PRI/J
100 ## - MAIN ENTRY--AUTHOR NAME
Personal name A.S PRIYA
245 ## - TITLE STATEMENT
Title JAGAROOKA
260 ## - PUBLICATION, DISTRIBUTION, ETC. (IMPRINT)
Place of publication KOZHIKODE
Name of publisher POORNA
300 ## - PHYSICAL DESCRIPTION
Number of Pages 80
650 ## - SUBJECT ADDED ENTRY--TOPICAL TERM
Topical Term NOVEL -MALAYALAM
Geographic subdivision KERALA
942 ## - ADDED ENTRY ELEMENTS (KOHA)
Koha item type Books
Holdings
Withdrawn status Lost status Collection code Home library Current library Shelving location Date acquired Source of acquisition Full call number Accession Number Koha item type
    Fiction Main Library Main Library NEW SHELF WITH NEW ENTRY 26/10/2023 PURCHASE 894.812.3 PRI/J 13126 Books